[Event "Niedersachsen-ch op"]
[Site "Verden"]
[Date "2011.01.05"]
[Round "7"]
[White "Torkler, Simon"]
[Black "Neumann, Florian"]
[Result "0-1"]
[WhiteElo "1345"]
[BlackElo "1650"]
[PlyCount "54"]
[EventDate "2011.01.02"]
[EventType "swiss"]
[EventRounds "7"]
[EventCountry "GER"]
[SourceTitle "EXT 2018"]
[Source "ChessBase"]
[SourceDate "2017.10.13"]
[SourceVersion "1"]
[SourceVersionDate "2017.10.13"]
[SourceQuality "1"]

1. d4 d5 2. c4 c6 3. cxd5 Qxd5 4. Nc3 Qa5 5. Bd2 Qb6 6. Qb3 Qxb3 7. axb3 Bf5 8. e4 Bg6 9. Nf3 Nf6 10. e5 Ne4 11. b4 Nxd2 12. Nxd2 e6 13. b5 Bb4 14. Na2 Bxd2+ 15. Kxd2 0-0 16. Nc3 Rd8 17. Ke3 Kf8 18. Bd3 Bxd3 19. Kxd3 c5 20. Ra4 Nd7 21. Ke3 Nb6 22. Raa1 cxd4+ 23. Kf4 dxc3 24. bxc3 Rd5 25. Rab1 Rc8 26. Rhc1 Rdc5 27. Rb3 Nd5+ 0-1

[Event "Niedersachsen-ch op"]
[Site "Verden"]
[Date "2009.01.06"]
[Round "7"]
[White "Neumann, Florian"]
[Black "Wagner, Dario"]
[Result "1-0"]
[WhiteElo "1344"]
[BlackElo "1108"]
[PlyCount "115"]
[EventDate "2009.01.03"]
[EventType "swiss"]
[EventRounds "7"]
[EventCountry "GER"]
[SourceTitle "EXT 2012"]
[Source "ChessBase"]
[SourceDate "2011.11.24"]
[SourceVersion "1"]
[SourceVersionDate "2011.11.24"]
[SourceQuality "1"]

1. e4 c5 2. Nf3 d6 3. d4 cxd4 4. Nxd4 Nf6 5. Nc3 g6 6. Be3 Bg7 7. f3 0-0 8. Qd2 Nc6 9. 0-0-0 Be6 10. h4 h5 11. Nxe6 fxe6 12. g3 Rc8 13. Bh3 Qd7 14. Bh6 Ne5 15. Bxg7 Kxg7 16. Qe3 Nc4 17. Qd4 Ne5 18. f4 Nc6 19. Qa4 Rc7 20. e5 Ne8 21. Rhe1 Qc8 22. exd6 exd6 23. Rxe6 Qd8 24. Qe4 Rf6 25. Rxe8 Qxe8 26. Qxe8 Re7 27. Qc8 Rf8 28. Qxf8+ Kxf8 29. Rxd6 Na5 30. Rxg6 Nc4 31. Re6 Rg7 32. Ne4 Ne3 33. Ng5 Nd5 34. Rd6 Nc7 35. Rd8+ Ne8 36. Ne6+ Ke7 37. Rxe8+ Kxe8 38. Nxg7+ Kf7 39. Nxh5 Kg6 40. g4 Kh6 41. f5 b5 42. f6 Kg6 43. Kd2 a5 44. Ke3 b4 45. Ke4 a4 46. Ke5 a3 47. b3 Kf7 48. Kf5 Kg8 49. Ke6 Kf8 50. Ng3 Ke8 51. Bg2 Kf8 52. f7 Kg7 53. Ke7 Kh7 54. f8Q Kg6 55. Qf5+ Kg7 56. Nh5+ Kh6 57. Qf6+ Kh7 58. Qg7# 1-0

[Event "Niedersachsen-ch op"]
[Site "Verden"]
[Date "2009.01.03"]
[Round "1"]
[White "Neumann, Florian"]
[Black "Cegielka, Michael"]
[Result "1-0"]
[WhiteElo "1344"]
[BlackElo "918"]
[PlyCount "79"]
[EventDate "2009.01.03"]
[EventType "swiss"]
[EventRounds "7"]
[EventCountry "GER"]
[SourceTitle "EXT 2012"]
[Source "ChessBase"]
[SourceDate "2011.11.24"]
[SourceVersion "1"]
[SourceVersionDate "2011.11.24"]
[SourceQuality "1"]

1. e4 e5 2. Nf3 Nc6 3. Bc4 Bc5 4. c3 Nf6 5. d4 exd4 6. cxd4 Bb4+ 7. Nc3 Nxe4 8. 0-0 Nxc3 9. Bxf7+ Kxf7 10. bxc3 Bxc3 11. Qb3+ d5 12. Qxc3 Re8 13. Ng5+ Kg8 14. Qd3 g6 15. Bd2 Nb4 16. Qb3 Nc6 17. Qc3 Bf5 18. Rfe1 Qf6 19. Nf3 Be4 20. Rad1 Bxf3 21. Qxf3 Qxf3 22. gxf3 Nxd4 23. Rxe8+ Rxe8 24. Kg2 Re5 25. Bf4 Re2 26. Rxd4 Rxa2 27. Bxc7 a5 28. Rxd5 a4 29. Ra5 Kf7 30. Ra7 b5 31. Rb7 Rb2 32. Be5+ Ke6 33. Bxb2 a3 34. Bxa3 Kd5 35. Rxb5+ Kc4 36. Rb8 Kd3 37. Re8 Kc3 38. Kf1 Kb3 39. Rc8 Kxa3 40. Rb8 1-0

[Event "GER-ch U12"]
[Site "Willingen"]
[Date "2008.05.11"]
[Round "2"]
[White "Neumann, Florian"]
[Black "Wulf, Constanze"]
[Result "1-0"]
[WhiteElo "1350"]
[BlackElo "1047"]
[PlyCount "93"]
[EventDate "2008.05.11"]
[EventType "swiss"]
[EventRounds "11"]
[EventCountry "GER"]
[SourceTitle "CBM 124 Extra"]
[Source "ChessBase"]
[SourceDate "2008.07.03"]
[SourceVersion "1"]
[SourceVersionDate "2008.07.03"]
[SourceQuality "1"]

1. e4 d6 2. d4 Nf6 3. Nc3 g6 4. Be2 Bg7 5. Be3 0-0 6. Qd2 Re8 7. f4 e5 8. Nf3 Bg4 9. h3 Bxf3 10. Bxf3 Nbd7 11. 0-0-0 Qb8 12. g4 Re7 13. h4 h5 14. gxh5 gxh5 15. Rhg1 Nh7 16. f5 f6 17. Bh6 Qf8 18. Rg3 Kh8 19. Rg6 Bxh6 20. Qxh6 Qxh6+ 21. Rxh6 Rg8 22. d5 a6 23. Rg6 Reg7 24. Rdg1 Ndf8 25. Rxg7 Rxg7 26. Rxg7 Kxg7 27. Bxh5 Nd7 28. b4 Nb6 29. Be2 Kf7 30. Bh5+ Kg7 31. Be2 Kf7 32. h5 Kg7 33. Kb2 Kf7 34. h6 Kg8 35. Kb3 Ng5 36. a4 Kf8 37. a5 Nc8 38. b5 axb5 39. Nxb5 c6 40. dxc6 bxc6 41. Nc7 Ke7 42. Ne6 Kf7 43. Bh5+ Kg8 44. Nxg5 fxg5 45. f6 d5 46. exd5 cxd5 47. f7+ 1-0

[Event "GER-ch U12"]
[Site "Willingen"]
[Date "2008.05.11"]
[Round "1"]
[White "Stahnecker, Ludwig"]
[Black "Neumann, Florian"]
[Result "1-0"]
[WhiteElo "1694"]
[BlackElo "1350"]
[PlyCount "47"]
[EventDate "2008.05.11"]
[EventType "swiss"]
[EventRounds "11"]
[EventCountry "GER"]
[SourceTitle "CBM 124 Extra"]
[Source "ChessBase"]
[SourceDate "2008.07.03"]
[SourceVersion "1"]
[SourceVersionDate "2008.07.03"]
[SourceQuality "1"]

1. e4 e5 2. Nf3 Nc6 3. Bb5 a6 4. Ba4 Nf6 5. 0-0 Nxe4 6. d4 exd4 7. Re1 d5 8. Nxd4 Bd6 9. g3 b5 10. Bxb5 axb5 11. Nxc6 Qd7 12. Qxd5 Bb7 13. Qxe4+ Kf8 14. Ne5 Bxe5 15. Qxb7 Re8 16. Na3 f6 17. Qxb5 c6 18. Qe2 Kf7 19. Qc4+ Re6 20. c3 Rhe8 21. Be3 Kf8 22. Rad1 Qe7 23. Bc5 Bd6 24. Rxe6 1-0

[Event "Niedersachsen-ch U12"]
[Site "Rotenburg"]
[Date "2008.03.20"]
[Round "11"]
[White "Neumann, Florian"]
[Black "Muermans, Ansgar"]
[Result "1-0"]
[WhiteElo "1131"]
[BlackElo "947"]
[PlyCount "59"]
[EventDate "2008.03.15"]
[EventType "swiss"]
[EventRounds "11"]
[EventCountry "GER"]
[SourceTitle "EXT 2009"]
[Source "ChessBase"]
[SourceDate "2008.11.26"]
[SourceVersion "1"]
[SourceVersionDate "2008.11.26"]
[SourceQuality "1"]

1. e4 e5 2. Nf3 Nc6 3. Bc4 Bc5 4. c3 Bb6 5. d4 exd4 6. cxd4 d6 7. Ng5 Be6 8. Bxe6 fxe6 9. Qf3 Nf6 10. Nxe6 Nxd4 11. Nxd4 Bxd4 12. 0-0 Qe7 13. Re1 Nd5 14. Qh5+ g6 15. Qxd5 c5 16. Bg5 Qe5 17. Qxe5+ dxe5 18. Nc3 0-0 19. Be3 Rf7 20. Bxd4 cxd4 21. Nd5 b5 22. Rac1 a5 23. Rc5 b4 24. Rec1 Kg7 25. Rc7 Rxc7 26. Rxc7+ Kh6 27. h4 d3 28. Nf6 g5 29. h5 Rd8 30. Rxh7# 1-0

[Event "Niedersachsen-ch U12"]
[Site "Rotenburg"]
[Date "2008.03.18"]
[Round "8"]
[White "Boschen, Lukas"]
[Black "Neumann, Florian"]
[Result "0-1"]
[WhiteElo "917"]
[BlackElo "1131"]
[PlyCount "57"]
[EventDate "2008.03.15"]
[EventType "swiss"]
[EventRounds "11"]
[EventCountry "GER"]
[SourceTitle "EXT 2009"]
[Source "ChessBase"]
[SourceDate "2008.11.26"]
[SourceVersion "1"]
[SourceVersionDate "2008.11.26"]
[SourceQuality "1"]

1. e4 c5 2. Nf3 a6 3. b3 Nc6 4. Bb2 Nf6 5. d3 d6 6. Be2 g6 7. 0-0 Bg7 8. Nbd2 Be6 9. Ng5 Qd7 10. Nxe6 Qxe6 11. Nf3 Qd7 12. Qd2 0-0-0 13. Ng5 e6 14. Qf4 Qe7 15. Rab1 h6 16. Nh3 g5 17. Qf3 g4 18. Bxf6 gxf3 19. Bxe7 fxe2 20. Bxd8 exf1Q+ 21. Rxf1 Rxd8 22. c4 b5 23. cxb5 axb5 24. a4 bxa4 25. bxa4 e5 26. Ra1 Rd7 27. a5 Rb7 28. g3 Nb4 29. a6 0-1

[Event "Niedersachsen-ch U12"]
[Site "Rotenburg"]
[Date "2008.03.18"]
[Round "7"]
[White "Duchow, Julien"]
[Black "Neumann, Florian"]
[Result "1-0"]
[WhiteElo "1150"]
[BlackElo "1131"]
[PlyCount "38"]
[EventDate "2008.03.15"]
[EventType "swiss"]
[EventRounds "11"]
[EventCountry "GER"]
[SourceTitle "EXT 2009"]
[Source "ChessBase"]
[SourceDate "2008.11.26"]
[SourceVersion "1"]
[SourceVersionDate "2008.11.26"]
[SourceQuality "1"]

1. e4 d5 2. exd5 Qxd5 3. Nc3 Qa5 4. d4 Nf6 5. Nf3 Bf5 6. Bd2 e6 7. Bc4 c6 8. Nd5 Qd8 9. Nxf6+ gxf6 10. Bc3 Be7 11. Nh4 Bg6 12. Qd2 f5 13. Nf3 Nd7 14. d5 cxd5 15. Bxh8 dxc4 16. Bc3 Rc8 17. 0-0 Bh5 18. Qe2 Qc7 19. Rad1 Qxh2+ 1-0

[Event "Niedersachsen-ch U12"]
[Site "Rotenburg"]
[Date "2008.03.18"]
[Round "6"]
[White "Neumann, Florian"]
[Black "Bach, Jannik"]
[Result "0-1"]
[WhiteElo "1131"]
[BlackElo "1366"]
[PlyCount "76"]
[EventDate "2008.03.15"]
[EventType "swiss"]
[EventRounds "11"]
[EventCountry "GER"]
[SourceTitle "EXT 2009"]
[Source "ChessBase"]
[SourceDate "2008.11.26"]
[SourceVersion "1"]
[SourceVersionDate "2008.11.26"]
[SourceQuality "1"]

1. e4 e6 2. d4 d5 3. Nc3 Bb4 4. Bd3 c5 5. Be3 Ne7 6. Nf3 Nbc6 7. 0-0 a6 8. a3 Ba5 9. Rb1 Ng6 10. Re1 0-0 11. exd5 exd5 12. Qe2 Bg4 13. Bxg6 hxg6 14. Rbd1 Qb6 15. Nxd5 Qxb2 16. Rb1 Qa2 17. c4 Qxe2 18. Rxe2 cxd4 19. Bd2 Bxf3 20. gxf3 d3 21. Bxa5 dxe2 22. Bc3 Rab8 23. Re1 b5 24. c5 Rfd8 25. Ne3 Rd3 26. Bb4 Nd4 27. Kg2 Re8 28. h3 f5 29. f4 g5 30. fxg5 f4 31. Nd5 Nc2 32. Rc1 e1Q 33. Bxe1 Nxe1+ 34. Kh2 Rxd5 35. c6 Nf3+ 36. Kg2 Nh4+ 37. Kh2 Rc8 38. c7 Rd7 0-1

[Event "Niedersachsen-ch U12"]
[Site "Rotenburg"]
[Date "2008.03.17"]
[Round "5"]
[White "Thielen, Laurens"]
[Black "Neumann, Florian"]
[Result "0-1"]
[WhiteElo "1227"]
[BlackElo "1131"]
[PlyCount "102"]
[EventDate "2008.03.15"]
[EventType "swiss"]
[EventRounds "11"]
[EventCountry "GER"]
[SourceTitle "EXT 2009"]
[Source "ChessBase"]
[SourceDate "2008.11.26"]
[SourceVersion "1"]
[SourceVersionDate "2008.11.26"]
[SourceQuality "1"]

1. e4 e5 2. Nf3 Nc6 3. Bc4 Nf6 4. d3 Bc5 5. Nc3 d6 6. Bg5 Bd7 7. Be3 Nd4 8. Bxd4 Bxd4 9. Nxd4 exd4 10. Nd5 Nxd5 11. Bxd5 c6 12. Bb3 Qg5 13. Qf3 0-0 14. Qg3 Qa5+ 15. Ke2 Qe5 16. f3 Rae8 17. Qxe5 Rxe5 18. f4 Re7 19. Rae1 d5 20. e5 f6 21. Kd2 fxe5 22. Rhf1 Ref7 23. Rxe5 Rxf4 24. Rxf4 Rxf4 25. Re4 Rf2+ 26. Re2 Rxe2+ 27. Kxe2 Kf7 28. Kf3 Kf6 29. g4 Kg5 30. h3 h5 31. gxh5 Bxh3 32. c4 dxc4 33. Bxc4 Bg4+ 34. Kg3 Bxh5 35. Be6 Kf6 36. Bc8 b6 37. Bb7 c5 38. Be4 Bg6 39. Bxg6 Kxg6 40. Kg4 Kf6 41. Kf4 g5+ 42. Kg4 Kg6 43. a4 a5 44. Kg3 Kf5 45. Kf3 g4+ 46. Kg3 Kg5 47. Kg2 Kf4 48. Kf2 g3+ 49. Kf1 Kf3 50. Kg1 g2 51. b4 cxb4 0-1

[Event "Niedersachsen-ch U12"]
[Site "Rotenburg"]
[Date "2008.03.16"]
[Round "2"]
[White "Neumann, Florian"]
[Black "Pueschel, Torben"]
[Result "1-0"]
[WhiteElo "1131"]
[BlackElo "990"]
[PlyCount "49"]
[EventDate "2008.03.15"]
[EventType "swiss"]
[EventRounds "11"]
[EventCountry "GER"]
[SourceTitle "EXT 2009"]
[Source "ChessBase"]
[SourceDate "2008.11.26"]
[SourceVersion "1"]
[SourceVersionDate "2008.11.26"]
[SourceQuality "1"]

1. e4 e5 2. Nf3 Nc6 3. Bc4 Nf6 4. Ng5 d5 5. exd5 Nxd5 6. d4 exd4 7. Qf3 Be6 8. Qe2 Qd7 9. Nxe6 Qxe6 10. Bxd5 Bb4+ 11. c3 Qxe2+ 12. Kxe2 dxc3 13. Nxc3 0-0 14. Bxc6 bxc6 15. Be3 Rfe8 16. Rhe1 Rad8 17. Rad1 Rxd1 18. Rxd1 f5 19. Kf1 a5 20. Bg5 Bd6 21. g3 h6 22. Bf4 Rd8 23. Bxd6 Rxd6 24. Rxd6 cxd6 25. Ke2 1-0

[Event "Niedersachsen-ch U12"]
[Site "Rotenburg"]
[Date "2008.03.15"]
[Round "1"]
[White "Kyas, Philipp"]
[Black "Neumann, Florian"]
[Result "1-0"]
[WhiteElo "1822"]
[BlackElo "1131"]
[PlyCount "77"]
[EventDate "2008.03.15"]
[EventType "swiss"]
[EventRounds "11"]
[EventCountry "GER"]
[SourceTitle "EXT 2009"]
[Source "ChessBase"]
[SourceDate "2008.11.26"]
[SourceVersion "1"]
[SourceVersionDate "2008.11.26"]
[SourceQuality "1"]

1. d4 Nf6 2. Bf4 c5 3. dxc5 Qa5+ 4. c3 Qxc5 5. Nf3 g6 6. Nbd2 d6 7. Nb3 Qb6 8. e3 Bg7 9. Be2 Bf5 10. Qd4 Qxd4 11. exd4 0-0 12. 0-0 Nbd7 13. h3 Rfe8 14. g4 Be4 15. Nfd2 Bc6 16. Rfe1 Nd5 17. Be3 e5 18. Bc4 N7b6 19. Bxd5 Nxd5 20. Nc4 Rad8 21. dxe5 Bxe5 22. Bxa7 Bb5 23. Nxe5 Rxe5 24. Bd4 Rxe1+ 25. Rxe1 Nf4 26. Be3 Nd3 27. Rb1 Re8 28. Nd4 Ba6 29. b3 Ne5 30. Bf4 Bd3 31. Re1 Ba6 32. Bg3 b6 33. f4 Bb7 34. fxe5 dxe5 35. Rxe5 Rc8 36. Nb5 Bc6 37. Na7 Rc7 38. Re8+ Kg7 39. Bxc7 1-0

[Event "Niedersachsen-ch"]
[Site "Verden"]
[Date "2008.01.03"]
[Round "1"]
[White "Campe, Uwe"]
[Black "Neumann, Florian"]
[Result "1-0"]
[WhiteElo "1930"]
[BlackElo "1242"]
[PlyCount "57"]
[EventDate "2008.01.03"]
[EventType "swiss"]
[EventRounds "7"]
[EventCountry "GER"]
[SourceTitle "EXT 2010"]
[Source "ChessBase"]
[SourceDate "2010.11.25"]
[SourceVersion "1"]
[SourceVersionDate "2010.11.25"]
[SourceQuality "1"]

1. d4 d5 2. Nf3 c6 3. c4 e6 4. Nc3 Nf6 5. Bg5 Be7 6. e3 Nbd7 7. Rc1 0-0 8. Qc2 h6 9. Bh4 Re8 10. Bd3 Qc7 11. 0-0 b6 12. cxd5 exd5 13. Nb5 Qb7 14. Qxc6 Qxc6 15. Rxc6 Rd8 16. Ne5 Kf8 17. Rc7 a6 18. Na7 Bd6 19. Rxc8 Rdxc8 20. Nxc8 Rxc8 21. Bxa6 Ra8 22. Nxd7+ Nxd7 23. Bb5 Nf6 24. Bxf6 gxf6 25. a3 Ra5 26. Bd3 Ke7 27. Rc1 Kd7 28. Bf5+ Ke7 29. g3 1-0

[Event "Niedersachsen-ch"]
[Site "Verden"]
[Date "2008.01.03"]
[Round "2"]
[White "Neumann, Florian"]
[Black "Heyne, Jan Hendrik"]
[Result "0-1"]
[WhiteElo "1242"]
[BlackElo "1624"]
[PlyCount "22"]
[EventDate "2008.01.03"]
[EventType "swiss"]
[EventRounds "7"]
[EventCountry "GER"]
[SourceTitle "EXT 2010"]
[Source "ChessBase"]
[SourceDate "2010.11.25"]
[SourceVersion "1"]
[SourceVersionDate "2010.11.25"]
[SourceQuality "1"]

1. e4 e6 2. d4 d5 3. Nd2 Nf6 4. f3 dxe4 5. Nxe4 Nxe4 6. fxe4 Qh4+ 7. Ke2 Qxe4+ 8. Kf2 c5 9. Nf3 cxd4 10. Qxd4 Qxc2+ 11. Be2 Bc5 0-1

[Event "GER-chT U12"]
[Site "Verden an der Aller"]
[Date "2007.12.30"]
[Round "7.2"]
[White "Mueller, Maiko"]
[Black "Neumann, Florian"]
[Result "1-0"]
[WhiteElo "1208"]
[BlackElo "1242"]
[PlyCount "57"]
[EventDate "2007.12.27"]
[EventType "team-swiss"]
[EventRounds "7"]
[EventCountry "GER"]
[SourceTitle "EXT 2009"]
[Source "ChessBase"]
[SourceDate "2008.11.26"]
[SourceVersion "1"]
[SourceVersionDate "2008.11.26"]
[SourceQuality "1"]
[WhiteTeam "Baiertal/Schatthausen U12"]
[BlackTeam "Wilhelmshaven U12"]
[WhiteTeamCountry "GER"]
[BlackTeamCountry "GER"]

1. e4 d5 2. exd5 Qxd5 3. Nc3 Qa5 4. d4 Nf6 5. Nf3 Bf5 6. Bc4 c6 7. 0-0 e6 8. Re1 Be7 9. Nh4 Bg4 10. Qd3 0-0 11. h3 Bh5 12. Qg3 Kh8 13. f4 Bd6 14. Qf2 Bg6 15. Nxg6+ fxg6 16. Rxe6 Bb4 17. Re5 Qc7 18. f5 Nbd7 19. Re6 Rae8 20. fxg6 Ng4 21. Bf4 Rxe6 22. Bxc7 Nxf2 23. Bxe6 Bxc3 24. bxc3 Nb6 25. Bxb6 axb6 26. Rf1 Nxh3+ 27. Bxh3 Rxf1+ 28. Kxf1 hxg6 29. Bc8 1-0

[Event "GER-chT U12"]
[Site "Verden an der Aller"]
[Date "2007.12.29"]
[Round "5.2"]
[White "Neumann, Florian"]
[Black "Oha, Maximilian"]
[Result "0-1"]
[WhiteElo "1242"]
[BlackElo "1398"]
[PlyCount "84"]
[EventDate "2007.12.27"]
[EventType "team-swiss"]
[EventRounds "7"]
[EventCountry "GER"]
[SourceTitle "EXT 2009"]
[Source "ChessBase"]
[SourceDate "2008.11.26"]
[SourceVersion "1"]
[SourceVersionDate "2008.11.26"]
[SourceQuality "1"]
[WhiteTeam "Wilhelmshaven U12"]
[BlackTeam "Leipzig BSG Chemie U12"]
[WhiteTeamCountry "GER"]
[BlackTeamCountry "GER"]

1. e4 e6 2. d4 d5 3. Nd2 c5 4. Ngf3 Nc6 5. Bb5 Qb6 6. Qe2 Nge7 7. exd5 Nxd5 8. Nc4 Qc7 9. Nce5 Bd7 10. Nxd7 Qxd7 11. Ne5 Qc7 12. c4 0-0-0 13. cxd5 Nxd4 14. Qd3 Qxe5+ 15. Be3 Rxd5 16. 0-0-0 Qf5 17. Qxf5 Nxf5 18. Rxd5 exd5 19. Rd1 d4 20. Bf4 Bd6 21. Bg3 Nxg3 22. hxg3 a6 23. Bc4 f6 24. Re1 Kd7 25. Bd5 b6 26. Bb7 a5 27. Ba6 Kc6 28. Bc4 b5 29. Bd3 c4 30. Be4+ Kb6 31. Bd5 d3 32. Re6 Kc5 33. Bb7 Rd8 34. Kd2 Rd7 35. Bf3 Re7 36. Rxe7 Bxe7 37. b3 Kd4 38. bxc4 bxc4 39. a4 c3+ 40. Kd1 c2+ 41. Kd2 Bb4+ 42. Kc1 d2+ 0-1

[Event "GER-chT U12"]
[Site "Verden an der Aller"]
[Date "2007.12.28"]
[Round "3.2"]
[White "Neumann, Florian"]
[Black "Reisberg, Andre"]
[Result "0-1"]
[WhiteElo "1242"]
[BlackElo "1195"]
[PlyCount "68"]
[EventDate "2007.12.27"]
[EventType "team-swiss"]
[EventRounds "7"]
[EventCountry "GER"]
[SourceTitle "EXT 2009"]
[Source "ChessBase"]
[SourceDate "2008.11.26"]
[SourceVersion "1"]
[SourceVersionDate "2008.11.26"]
[SourceQuality "1"]
[WhiteTeam "Wilhelmshaven U12"]
[BlackTeam "Brackel SF U12"]
[WhiteTeamCountry "GER"]
[BlackTeamCountry "GER"]

1. e4 e5 2. Nc3 Nf6 3. Bc4 Bc5 4. d3 Nc6 5. Bg5 d6 6. Na4 Bb6 7. Nxb6 axb6 8. f3 Qe7 9. Ne2 Be6 10. Bb3 0-0 11. Nc3 Nb4 12. Nd5 Nbxd5 13. Bxd5 Bxd5 14. exd5 Ra5 15. c4 Rfa8 16. Qb3 h6 17. Bh4 g5 18. Bg3 Nd7 19. Bf2 Qf6 20. a3 Qf5 21. Qd1 b5 22. Qe2 Qf4 23. g3 Qf5 24. Qe4 Qxe4+ 25. fxe4 b4 26. Ke2 bxa3 27. Rxa3 Rxa3 28. bxa3 Rxa3 29. Rb1 Ra2+ 30. Ke3 b6 31. Rd1 Nf6 32. Rd2 Ng4+ 33. Ke2 Rxd2+ 34. Kxd2 Nxf2 0-1

[Event "GER-chT U12"]
[Site "Verden an der Aller"]
[Date "2007.12.27"]
[Round "2.2"]
[White "Moritz, Aron"]
[Black "Neumann, Florian"]
[Result "1-0"]
[WhiteElo "1646"]
[BlackElo "1242"]
[PlyCount "23"]
[EventDate "2007.12.27"]
[EventType "team-swiss"]
[EventRounds "7"]
[EventCountry "GER"]
[SourceTitle "EXT 2009"]
[Source "ChessBase"]
[SourceDate "2008.11.26"]
[SourceVersion "1"]
[SourceVersionDate "2008.11.26"]
[SourceQuality "1"]
[WhiteTeam "Berlin Empor U12"]
[BlackTeam "Wilhelmshaven U12"]
[WhiteTeamCountry "GER"]
[BlackTeamCountry "GER"]

1. e4 e5 2. Nf3 Nc6 3. Bc4 Nf6 4. d3 Bc5 5. c3 Na5 6. Nxe5 Qe7 7. Bxf7+ Kf8 8. Nc4 Nxe4 9. 0-0 Bxf2+ 10. Kh1 Nxc4 11. Bxc4 Qh4 12. Qf3+ 1-0

[Event "GER-chT U12"]
[Site "Verden an der Aller"]
[Date "2007.12.27"]
[Round "1.2"]
[White "Neumann, Florian"]
[Black "Eichstaedt, Mirko"]
[Result "1-0"]
[WhiteElo "1242"]
[BlackElo "1284"]
[PlyCount "87"]
[EventDate "2007.12.27"]
[EventType "team-swiss"]
[EventRounds "7"]
[EventCountry "GER"]
[SourceTitle "EXT 2009"]
[Source "ChessBase"]
[SourceDate "2008.11.26"]
[SourceVersion "1"]
[SourceVersionDate "2008.11.26"]
[SourceQuality "1"]
[WhiteTeam "Wilhelmshaven U12"]
[BlackTeam "Potsdam USV U12"]
[WhiteTeamCountry "GER"]
[BlackTeamCountry "GER"]

1. e4 e5 2. Nf3 Nf6 3. Nxe5 d6 4. Nf3 Nxe4 5. Qe2 Qe7 6. d4 d5 7. Bf4 Bg4 8. Qe3 Bxf3 9. gxf3 Nd6 10. Nc3 c6 11. 0-0-0 Qxe3+ 12. fxe3 Nd7 13. Bh3 f5 14. e4 dxe4 15. Rhe1 0-0-0 16. fxe4 fxe4 17. Nxe4 Nxe4 18. Rxe4 Bb4 19. d5 Bc5 20. dxc6 bxc6 21. Rc4 Be7 22. Rxc6+ Kb7 23. Rc7+ Kb6 24. Rdxd7 Rxd7 25. Rxd7 Bf6 26. Be3+ Kc6 27. Rxa7 Re8 28. Bd7+ Kd5 29. Bxe8 Ke4 30. c4 Kxe3 31. c5 Be5 32. Re7 Ke4 33. c6 Kd5 34. c7 Kd6 35. c8Q Kxe7 36. Qd7+ Kf6 37. Qf7+ Kg5 38. Bd7 Bf6 39. Qd5+ Kh6 40. a4 g6 41. a5 Kg7 42. a6 Kh6 43. a7 Bg5+ 44. Kb1 1-0

[Event "GER-ch U10"]
[Site "Willingen"]
[Date "2006.06.09"]
[Round "11"]
[White "Neumann, Florian"]
[Black "Garbere, Diana"]
[Result "1-0"]
[WhiteElo "1037"]
[BlackElo "769"]
[PlyCount "67"]
[EventDate "2006.06.04"]
[EventType "swiss"]
[EventRounds "11"]
[EventCountry "GER"]
[SourceTitle "EXT 2007"]
[Source "ChessBase"]
[SourceDate "2006.11.23"]
[SourceVersion "1"]
[SourceVersionDate "2006.11.23"]
[SourceQuality "1"]

1. e4 e5 2. Nf3 Nc6 3. Bc4 Be7 4. 0-0 Nf6 5. Nc3 d6 6. d3 h6 7. Be3 Be6 8. Bxe6 fxe6 9. d4 Qd7 10. dxe5 dxe5 11. Qxd7+ Nxd7 12. Rad1 0-0-0 13. a3 g5 14. b4 g4 15. b5 Na5 16. Nd2 Bxa3 17. Bxa7 Bc5 18. Ra1 Bb4 19. Ndb1 Rh7 20. Be3 Rdh8 21. Rd1 h5 22. Rd3 h4 23. Nd2 g3 24. h3 gxf2+ 25. Kxf2 Rf8+ 26. Ke2 Rg7 27. Nb3 Rxg2+ 28. Ke1 Nc5 29. Bxc5 Bxc5 30. Rxa5 Rg1+ 31. Kd2 Rf2+ 32. Ne2 Bb4+ 33. Ke3 Be1 34. Ra8# 1-0

[Event "GER-ch U10"]
[Site "Willingen"]
[Date "2006.06.04"]
[Round "3"]
[White "Neumann, Florian"]
[Black "Schulze, Tabea"]
[Result "1-0"]
[WhiteElo "1037"]
[BlackElo "869"]
[PlyCount "69"]
[EventDate "2006.06.04"]
[EventType "swiss"]
[EventRounds "11"]
[EventCountry "GER"]
[SourceTitle "EXT 2007"]
[Source "ChessBase"]
[SourceDate "2006.11.23"]
[SourceVersion "1"]
[SourceVersionDate "2006.11.23"]
[SourceQuality "1"]

1. e4 e5 2. Nf3 Nc6 3. Bc4 Bc5 4. c3 Nf6 5. d4 exd4 6. cxd4 Bb4+ 7. Nc3 Nxe4 8. 0-0 Bxc3 9. d5 Ne5 10. bxc3 Nxc4 11. Qd4 Ncd6 12. Re1 Qe7 13. Ng5 0-0 14. Nxe4 Nxe4 15. Rxe4 Qd8 16. Rg4 g6 17. Bh6 f6 18. Bxf8 Qxf8 19. Re1 d6 20. Rge4 Bd7 21. Qe3 Rd8 22. f4 f5 23. Re7 b6 24. Qh3 h6 25. Qd3 Bc8 26. g4 a6 27. h4 b5 28. a3 Bd7 29. R1e2 c6 30. dxc6 Bxc6 31. R2e3 d5 32. R3e5 Qf6 33. R5e6 Qxh4 34. Qd4 fxg4 35. Qg7# 1-0

[Event "GER-chT U12"]
[Site "Verden"]
[Date "2005.12.29"]
[Round "6.4"]
[White "Baumann, Marco"]
[Black "Neumann, Florian"]
[Result "1-0"]
[WhiteElo "1236"]
[BlackElo "816"]
[PlyCount "101"]
[EventDate "2005.12.27"]
[EventType "team-swiss"]
[EventRounds "7"]
[EventCountry "GER"]
[SourceTitle "CBM 110 Extra"]
[Source "ChessBase"]
[SourceDate "2006.03.10"]
[SourceVersion "2"]
[SourceVersionDate "2006.03.10"]
[SourceQuality "1"]

1. e4 d5 2. exd5 Qxd5 3. Nc3 Qa5 4. Bc4 Nf6 5. Nf3 Bg4 6. h3 Bh5 7. g4 Bg6 8. d3 e6 9. Bd2 c6 10. Qe2 Bb4 11. a3 Bc5 12. Ne4 Qb6 13. Nxc5 Qxc5 14. 0-0-0 0-0 15. Bb4 Qb6 16. Bxf8 Kxf8 17. Ne5 Qc7 18. Nxg6+ hxg6 19. Kb1 Nbd7 20. Rde1 Re8 21. g5 b5 22. Bb3 Nd5 23. Bxd5 cxd5 24. d4 Qb6 25. Rd1 e5 26. Rhe1 Qb8 27. dxe5 Rxe5 28. Qd2 Qd6 29. Rxe5 Nxe5 30. Qxd5 Qc7 31. Re1 f6 32. f4 Qd7 33. Qc5+ Kf7 34. fxe5 fxe5 35. Rf1+ Kg8 36. Rf8+ Kh7 37. Qc8 Qxc8 38. Rxc8 a5 39. Rc5 e4 40. Rxb5 e3 41. Re5 a4 42. c4 e2 43. Rxe2 Kh8 44. c5 Kh7 45. c6 Kh8 46. c7 Kh7 47. Re3 Kh8 48. c8R+ Kh7 49. Rc4 Kh8 50. Re8+ Kh7 51. Rh4# 1-0